पतिव्रता (Record no. 414035)

MARC details
000 -LEADER
fixed length control field 00398nam a2200145Ia 4500
008 - FIXED-LENGTH DATA ELEMENTS--GENERAL INFORMATION
fixed length control field 100122s9999 xx 000 0 und d
082 ## - DEWEY DECIMAL CLASSIFICATION NUMBER
Item number 28358
Classification number 823
100 ## - MAIN ENTRY--PERSONAL NAME
Personal name वर्टी अ वा
245 ## - TITLE STATEMENT
Title पतिव्रता
260 ## - PUBLICATION, DISTRIBUTION, ETC. (IMPRINT)
Name of publisher, distributor, etc सरस साहित्य
Date of publication, distribution, etc 1979
300 ## - PHYSICAL DESCRIPTION
Extent 148
630 ## - SUBJECT ADDED ENTRY--UNIFORM TITLE
Uniform title पतिव्रता
730 ## - ADDED ENTRY--UNIFORM TITLE
Uniform title पतिव्रता
942 ## - ADDED ENTRY ELEMENTS (KOHA)
Koha item type Book
Holdings
Withdrawn status Lost status Damaged status Not for loan Home library Current library Date acquired Cost, normal purchase price Total Checkouts Full call number Barcode Date last seen Cost, replacement price Price effective from Koha item type Public note
        S.V. Pathak Library, Vile Parle S.V. Pathak Library, Vile Parle 11/24/1979 15.00   28358 SVPPARLE-28358 01/25/2010 15.00 01/25/2010 Book General NA